| 000 | 00857nam a2200241 a 4500 | ||
|---|---|---|---|
| 001 | 000011864 | ||
| 005 | 20200929162609.0 | ||
| 008 | 091028s1976 ag 001 0 spa d | ||
| 040 |
_aDO-SdBNP _bspa _cBNPHU |
||
| 041 | 1 | 7 |
_aspa _hita _2Código de idioma MARC |
| 082 |
_a401.41 _bR831s |
||
| 100 | 1 |
_aRossi Landi, Ferruccio _d1921-1985 _928041 |
|
| 245 | 1 | 0 |
_aSemiótica y estética / _cFerruccio Rossi Landi ; traductores, Juan Antonio Vasco, R. Graciela Manzini. |
| 260 |
_aBuenos Aires : _bNueva Visión, _c1976. |
||
| 300 |
_a156 p. ; _c23 cm. |
||
| 534 |
_pTítulo original en italiano: _tSemiotica e ideologia _cMilán : Bompiani, 1972. |
||
| 650 | 4 |
_aSemiótica _94668 |
|
| 650 | 4 |
_aSemántica _927831 |
|
| 650 | 4 |
_aLinguística _91604 |
|
| 700 | 1 |
_aVasco, Juan Antonio, _etr. _928042 |
|
| 700 | 1 |
_aManzini, R. Graciela, _etr. _928043 |
|
| 049 | _aBNPHU | ||
| 999 |
_c11538 _d11538 |
||